[Event "Madrid-ch 2017-2018 - Previa A"]
[Site "Madrid ESP"]
[Date "2018.02.13"]
[Round "5.5"]
[White "Ruiz Quevedo, Andres"]
[Black "Martinez Aragon, Aitor"]
[Result "1-0"]
[WhiteElo "1917"]
[BlackElo "1786"]
[PlyCount "57"]
[EventDate "2018.02.05"]
[EventType "swiss"]
[EventRounds "9"]
[EventCountry "ESP"]
[SourceTitle "Ajedrez en Madrid"]
[Source "lmi"]
[SourceDate "2018.02.05"]

1. g3 Nf6 2. Bg2 d5 3. Nf3 c6 4. O-O Bf5 5. d3 e6 6. Nh4 Bg6 7. Nxg6 hxg6 8. c4
Bd6 9. cxd5 exd5 10. e4 Nbd7 11. exd5 Nxd5 12. Re1+ Ne7 13. Nc3 O-O 14. Ne4 Bc7
15. Bg5 a5 16. Qb3 Kh8 17. Bxe7 Qxe7 18. Qxb7 Ne5 19. Qb3 Rab8 20. Qc2 Qb4 21.
b3 Bb6 22. a3 Qb5 23. Rad1 Bd4 24. Ng5 Ng4 25. Ne4 Ne5 26. Qe2 Qxb3 27. Ng5
Qxa3 28. Qe4 c5 29. Qh4+ 1-0

[Event "Madrid-ch 2017-2018 - Previa A"]
[Site "Madrid ESP"]
[Date "2018.02.13"]
[Round "5.6"]
[White "Carrasco Coquillat, Jorge"]
[Black "Perez Diez, Victor"]
[Result "0-1"]
[WhiteElo "1726"]
[BlackElo "1912"]
[PlyCount "60"]
[EventDate "2018.02.05"]
[EventType "swiss"]
[EventRounds "9"]
[EventCountry "ESP"]
[SourceTitle "Ajedrez en Madrid"]
[Source "lmi"]
[SourceDate "2018.02.05"]

1. c4 e5 2. Nc3 Nc6 3. g3 d6 4. Bg2 Be6 5. d3 Qd7 6. Rb1 g6 7. b4 Bg7 8. b5 Nd8
9. Nf3 Bh3 10. O-O Bxg2 11. Kxg2 f5 12. Qb3 Ne6 13. a4 Ne7 14. Ba3 O-O 15. e3
f4 16. Nd5 Nf5 17. Bb2 c6 18. e4 Nh6 19. Nb4 Nf7 20. h3 Neg5 21. Nxg5 Nxg5 22.
g4 f3+ 23. Kh2 Nxh3 24. Kxh3 Rf4 25. Rg1 h5 26. Kh2 Rxg4 27. Rg3 Rf8 28. Bc3
Bh6 29. Bd2 Bf4 30. bxc6 bxc6 0-1

[Event "Madrid-ch 2017-2018 - Previa A"]
[Site "Madrid ESP"]
[Date "2018.02.13"]
[Round "5.7"]
[White "Jimenez Jimenez, Darfo"]
[Black "Rosa Ramirez, Victor Diego"]
[Result "0-1"]
[WhiteElo "1708"]
[BlackElo "1907"]
[PlyCount "72"]
[EventDate "2018.02.05"]
[EventType "swiss"]
[EventRounds "9"]
[EventCountry "ESP"]
[SourceTitle "Ajedrez en Madrid"]
[Source "lmi"]
[SourceDate "2018.02.05"]

1. e4 e6 2. d4 d5 3. e5 c5 4. c3 Qb6 5. Nf3 Nc6 6. Bd3 Bd7 7. O-O cxd4 8. cxd4
Nb4 9. Be2 Be7 10. Nc3 Rc8 11. a3 Nc6 12. Na4 Qd8 13. b4 b6 14. Bd2 f6 15. b5
Na5 16. Bxa5 bxa5 17. Qb3 Nh6 18. Rfc1 Rb8 19. Nc5 O-O 20. a4 Nf7 21. Rc3 fxe5
22. Nxe5 Nxe5 23. dxe5 Bxc5 24. Rxc5 Qh4 25. Bf3 Qf4 26. Re1 Be8 27. Rc7 Qd4
28. Qc2 Qb6 29. Bg4 Bg6 30. Qc1 Qxf2+ 31. Kh1 Rbe8 32. Rc6 Be4 33. Rg1 Qf7 34.
Qc3 h5 35. Rc7 Qf2 36. Bxh5 Qxg2+ 0-1

[Event "Madrid-ch 2017-2018 - Previa A"]
[Site "Madrid ESP"]
[Date "2018.02.13"]
[Round "5.8"]
[White "Fernandez Aransay, Fernando"]
[Black "Lizon Martinez, Santiago"]
[Result "1/2-1/2"]
[WhiteElo "1811"]
[BlackElo "1710"]
[PlyCount "40"]
[EventDate "2018.02.05"]
[EventType "swiss"]
[EventRounds "9"]
[EventCountry "ESP"]
[SourceTitle "Ajedrez en Madrid"]
[Source "lmi"]
[SourceDate "2018.02.05"]

1. e4 c5 2. Nf3 d6 3. d4 cxd4 4. Nxd4 Nf6 5. Nc3 a6 6. Bc4 e6 7. Bb3 Nbd7 8.
O-O Nc5 9. Re1 Be7 10. Bg5 O-O 11. Qf3 h6 12. Bh4 Qc7 13. Rad1 b5 14. e5 Bb7
15. Qg3 dxe5 16. Rxe5 b4 17. Nce2 Rad8 18. Rg5 Qxg3 19. Rxg3 g5 20. Re1 Nh5
1/2-1/2

[Event "Madrid-ch 2017-2018 - Previa A"]
[Site "Madrid ESP"]
[Date "2018.02.13"]
[Round "5.9"]
[White "Lopez Orellana, Federico"]
[Black "Santamaria Baeza, Adolfo"]
[Result "0-1"]
[WhiteElo "1702"]
[BlackElo "1846"]
[PlyCount "80"]
[EventDate "2018.02.05"]
[EventType "swiss"]
[EventRounds "9"]
[EventCountry "ESP"]
[SourceTitle "Ajedrez en Madrid"]
[Source "lmi"]
[SourceDate "2018.02.05"]

1. d4 Nf6 2. Bg5 c6 3. Nd2 d5 4. e3 Nbd7 5. f4 Qb6 6. Rb1 e6 7. Bd3 c5 8. c3
cxd4 9. exd4 Qc7 10. Nh3 h6 11. Bh4 Bd6 12. O-O g5 13. fxg5 Bxh2+ 14. Kh1 hxg5
15. Bxg5 Nh5 16. Rf3 Nf8 17. Nf1 Bf4 18. Bxf4 Nxf4 19. Qd2 Nxh3 20. Rxh3 Rxh3+
21. gxh3 Bd7 22. Qg5 Qa5 23. Ne3 Bb5 24. c4 dxc4 25. Nd5 exd5 26. Qe5+ Ne6 27.
Qh8+ Ke7 28. Qxa8 cxd3 29. Qxb7+ Bd7 30. Qb3 d2 31. Rd1 Nxd4 32. Qe3+ Ne6 33.
Rxd2 Qxa2 34. Kh2 Qc4 35. Rf2 d4 36. Qe5 Be8 37. Qb8 Qc5 38. Qb3 Bc6 39. Qd3
Qd5 40. Qf1 Qe5+ 0-1

[Event "Madrid-ch 2017-2018 - Previa A"]
[Site "Madrid ESP"]
[Date "2018.02.13"]
[Round "5.10"]
[White "Bermejo Redondo, Oscar"]
[Black "Jimenez Garcia, Rodrigo"]
[Result "0-1"]
[WhiteElo "1828"]
[BlackElo "1783"]
[PlyCount "110"]
[EventDate "2018.02.05"]
[EventType "swiss"]
[EventRounds "9"]
[EventCountry "ESP"]
[SourceTitle "Ajedrez en Madrid"]
[Source "lmi"]
[SourceDate "2018.02.05"]

1. Nf3 e6 2. d4 c5 3. e3 Nf6 4. Bd3 d5 5. O-O Nbd7 6. c4 dxc4 7. Bxc4 Nb6 8.
Be2 cxd4 9. Nxd4 Be7 10. Qc2 Bd7 11. Nc3 Rc8 12. Qb3 a6 13. a4 e5 14. Nf3 Be6
15. Qc2 Qc7 16. h3 Nbd5 17. Bd2 O-O 18. Qb1 Nb4 19. Rc1 Qb8 20. Ne4 Rxc1+ 21.
Bxc1 Nxe4 22. Qxe4 Bd5 23. Qb1 Qc7 24. Ra3 Na2 25. Rxa2 Bxa2 26. Qxa2 Qxc1+ 27.
Kh2 Bd6 28. Qd5 e4+ 29. Qxd6 exf3 30. Bxf3 Qxb2 31. Qc7 b5 32. axb5 axb5 33.
Bd5 Qxf2 34. Qb7 Qb2 35. e4 Qe5+ 36. Kg1 Qb8 37. Qe7 b4 38. Bb3 Qb6+ 39. Kh2
Qd4 40. Qb7 g6 41. Bd5 Qe5+ 42. Kg1 Qb8 43. Qe7 b3 44. e5 b2 45. Ba2 b1=Q+ 46.
Bxb1 Qxb1+ 47. Kf2 Qf5+ 48. Ke2 Qe6 49. Qc7 Re8 50. Qb7 Qxe5+ 51. Kf2 Rb8 52.
Qa7 Rb2+ 53. Kf3 Qf5+ 54. Kg3 Qg5+ 55. Kf3 Qxg2+ 0-1

[Event "Madrid-ch 2017-2018 - Previa A"]
[Site "Madrid ESP"]
[Date "2018.02.13"]
[Round "5.11"]
[White "Marivela Santos, Juan Carlos"]
[Black "Garcia Gonzalez, Pedro A"]
[Result "1-0"]
[WhiteElo "1686"]
[BlackElo "1821"]
[PlyCount "62"]
[EventDate "2018.02.05"]
[EventType "swiss"]
[EventRounds "9"]
[EventCountry "ESP"]
[SourceTitle "Ajedrez en Madrid"]
[Source "lmi"]
[SourceDate "2018.02.05"]

1. c4 Nf6 2. Nc3 b6 3. e4 Bb7 4. e5 Ne4 5. Nxe4 Bxe4 6. d4 e6 7. Nf3 d5 8. a3
Be7 9. Bd3 Bxd3 10. Qxd3 O-O 11. Be3 c5 12. Rd1 dxc4 13. Qxc4 Qc8 14. dxc5 bxc5
15. O-O Nd7 16. Rc1 Qc7 17. Qc3 a5 18. a4 Rfc8 19. b3 Rab8 20. Rfd1 Rb4 21. Bd2
Rcb8 22. Rb1 c4 23. Qc2 Rxb3 24. Rxb3 Rxb3 25. Bxa5 Qxa5 26. Rxd7 Qb4 27. h3
Kf8 28. Rd4 Qxa4 29. Rxc4 Qa1+ 30. Kh2 Rxf3 31. Rc8+ Bd8 1-0

[Event "Madrid-ch 2017-2018 - Previa A"]
[Site "Madrid ESP"]
[Date "2018.02.13"]
[Round "5.12"]
[White "Rueda Maria, Ramiro"]
[Black "De La Fuente Ebro, Miguel Angel"]
[Result "1-0"]
[WhiteElo "1820"]
[BlackElo "1712"]
[PlyCount "55"]
[EventDate "2018.02.05"]
[EventType "swiss"]
[EventRounds "9"]
[EventCountry "ESP"]
[SourceTitle "Ajedrez en Madrid"]
[Source "lmi"]
[SourceDate "2018.02.05"]

1. e4 e6 2. d4 d5 3. exd5 exd5 4. Bd3 Nf6 5. Nf3 Be7 6. O-O O-O 7. h3 c6 8. Nc3
h6 9. Re1 Bd6 10. Be3 Be6 11. Qd2 Re8 12. Bxh6 gxh6 13. Qxh6 Bf8 14. Qh4 Ne4
15. Qh5 Bg7 16. Nxe4 dxe4 17. Rxe4 Nd7 18. Rh4 Nf6 19. Qg5 Nd7 20. Qg3 Rc8 21.
Rh7 Qf6 22. Ne5 Nf8 23. Rh5 Nd7 24. Re1 Kf8 25. Re4 Qd8 26. Rh7 Bf6 27. Qf4
Nxe5 28. dxe5 1-0

[Event "Madrid-ch 2017-2018 - Previa A"]
[Site "Madrid ESP"]
[Date "2018.02.13"]
[Round "5.13"]
[White "Marcelo de la Mata, Daniel"]
[Black "Martin-Consuegra Barrilero, Francisco Javier"]
[Result "1/2-1/2"]
[WhiteElo "1609"]
[BlackElo "1785"]
[PlyCount "71"]
[EventDate "2018.02.05"]
[EventType "swiss"]
[EventRounds "9"]
[EventCountry "ESP"]
[SourceTitle "Ajedrez en Madrid"]
[Source "lmi"]
[SourceDate "2018.02.05"]

1. c4 d6 2. g3 e5 3. Bg2 Nf6 4. Nc3 c6 5. d3 Be7 6. Nf3 O-O 7. O-O Na6 8. a3
Nc7 9. Bg5 Ne6 10. Bd2 Rb8 11. b4 Qc7 12. e3 a6 13. Qc2 b5 14. Rfc1 Qb6 15. Na2
Bb7 16. c5 Qc7 17. d4 exd4 18. Nxd4 Nxd4 19. exd4 Nd5 20. Nc3 Nxc3 21. Bxc3 Bf6
22. Qd3 dxc5 23. dxc5 Rbd8 24. Qf3 Bxc3 25. Rxc3 Qd7 26. Re1 Rfe8 27. Rce3 Rxe3
28. Qxe3 Kf8 29. Bh3 Qc7 30. Bf5 h6 31. Kg2 Bc8 32. Be4 Be6 33. f4 Qd7 34. Kg1
Rc8 35. Qf3 Bg4 36. Qf2 1/2-1/2

[Event "Madrid-ch 2017-2018 - Previa A"]
[Site "Madrid ESP"]
[Date "2018.02.13"]
[Round "5.14"]
[White "Andalon Gomez, Carlos Jesus"]
[Black "Tapia Sanchez, Jose Manuel"]
[Result "1-0"]
[WhiteElo "1935"]
[BlackElo "1687"]
[PlyCount "97"]
[EventDate "2018.02.05"]
[EventType "swiss"]
[EventRounds "9"]
[EventCountry "ESP"]
[SourceTitle "Ajedrez en Madrid"]
[Source "lmi"]
[SourceDate "2018.02.05"]

1. d4 Nf6 2. c4 e5 3. dxe5 Ng4 4. Bf4 g5 5. Bg3 Bg7 6. Nf3 Nc6 7. Nc3 Ngxe5 8.
Nxe5 Nxe5 9. e3 d6 10. Qd2 b6 11. Be2 Ba6 12. Nb5 Bb7 13. O-O h5 14. f4 gxf4
15. exf4 h4 16. fxe5 hxg3 17. Qf4 gxh2+ 18. Kh1 O-O 19. exd6 cxd6 20. Nxd6 Qe7
21. Bd3 Rad8 22. Qf5 Qh4 23. Rf4 Qh6 24. Nxf7 Rxf7 25. Qxf7+ Kh8 26. Qe7 Qxf4
27. Qxd8+ Qf8 28. Qxf8+ Bxf8 29. Kxh2 Bg7 30. Re1 Bf6 31. b3 Kg7 32. Be4 Bc8
33. Bd5 Kf8 34. Bc6 Be7 35. Rf1+ Kg7 36. g3 a5 37. Bd5 Bf6 38. Re1 Bd7 39. Be6
Be8 40. Bh3 Bg6 41. Re6 Bd4 42. a3 Bc2 43. b4 Bb3 44. Rd6 Be3 45. Rd3 Bxc4 46.
Rxe3 a4 47. Be6 Bb5 48. Bd5 Bd7 49. Re7+ 1-0

[Event "Madrid-ch 2017-2018 - Previa A"]
[Site "Madrid ESP"]
[Date "2018.02.13"]
[Round "5.16"]
[White "Martinez Gallardo, Javier"]
[Black "Carrasco Coquillat, Alvaro"]
[Result "0-1"]
[WhiteElo "1617"]
[BlackElo "1801"]
[PlyCount "109"]
[EventDate "2018.02.05"]
[EventType "swiss"]
[EventRounds "9"]
[EventCountry "ESP"]
[SourceTitle "Ajedrez en Madrid"]
[Source "lmi"]
[SourceDate "2018.02.05"]

1. e4 d6 2. d4 g6 3. Nc3 Bg7 4. Nf3 Nf6 5. Be2 O-O 6. O-O Nc6 7. d5 Nb8 8. Re1
c6 9. Bf4 cxd5 10. exd5 a6 11. Rb1 b5 12. a3 Bb7 13. h3 Nbd7 14. Nh2 Nb6 15.
Bf3 Rc8 16. Nf1 Nfd7 17. Na2 Ne5 18. Bxe5 Bxe5 19. Ne3 Rc7 20. Nb4 Qa8 21. Ng4
Bg7 22. Ne3 Rd8 23. Nc6 Bxc6 24. dxc6 e6 25. c3 d5 26. Nc2 Qxc6 27. Nb4 Qb7 28.
Qe2 a5 29. Nd3 Nd7 30. Rbd1 Rdc8 31. g4 Qb6 32. g5 Nc5 33. Ne5 b4 34. axb4 axb4
35. cxb4 Qxb4 36. Qd2 Qb8 37. Qf4 Rb7 38. Rc1 Bxe5 39. Qxe5 Nd3 40. Rxc8+ Qxc8
41. Qe2 Nxe1 42. Qxe1 Rxb2 43. Qe5 Rb1+ 44. Kg2 Qc1 45. Kg3 Qg1+ 46. Bg2 Rb3+
47. f3 Qb6 48. Qf6 Qd6+ 49. Kg4 d4 50. f4 d3 51. Be4 d2 52. Bc2 d1=Q+ 53. Bxd1
Qxd1+ 54. Kh4 Qe1+ 55. Kg4 0-1

[Event "Madrid-ch 2017-2018 - Previa A"]
[Site "Madrid ESP"]
[Date "2018.02.13"]
[Round "5.17"]
[White "Ramos Antona, Enrique"]
[Black "Perez Cameselle, Francisco Jose"]
[Result "0-1"]
[WhiteElo "1587"]
[BlackElo "1773"]
[PlyCount "68"]
[EventDate "2018.02.05"]
[EventType "swiss"]
[EventRounds "9"]
[EventCountry "ESP"]
[SourceTitle "Ajedrez en Madrid"]
[Source "lmi"]
[SourceDate "2018.02.05"]

1. d4 f5 2. c4 Nf6 3. g3 g6 4. Nc3 Bg7 5. Bg2 O-O 6. Bg5 h6 7. Bxf6 Bxf6 8. Nd5
Bg7 9. e3 c6 10. Nf4 Qa5+ 11. Qd2 Qxd2+ 12. Kxd2 Kh7 13. Nfe2 d6 14. Kc2 e5 15.
f4 Re8 16. Kd3 Na6 17. a3 Be6 18. h4 h5 19. Rc1 Rad8 20. b4 exd4 21. Nxd4 Bg8
22. Ngf3 c5 23. Ng5+ Kh8 24. Bxb7 cxd4 25. Bxa6 Rxe3+ 26. Kd2 Rxa3 27. Ra1 Rxg3
28. Bb5 Rc3 29. Rxa7 Rf8 30. Re1 Re3 31. Rxe3 dxe3+ 32. Kxe3 Bc3 33. c5 Bxb4
34. c6 Bc5+ 0-1

[Event "Madrid-ch 2017-2018 - Previa A"]
[Site "Madrid ESP"]
[Date "2018.02.13"]
[Round "5.18"]
[White "Hernandez Garcia, Carlos"]
[Black "Bellagamba, Pascal"]
[Result "1-0"]
[WhiteElo "1769"]
[BlackElo "1605"]
[PlyCount "97"]
[EventDate "2018.02.05"]
[EventType "swiss"]
[EventRounds "9"]
[EventCountry "ESP"]
[SourceTitle "Ajedrez en Madrid"]
[Source "lmi"]
[SourceDate "2018.02.05"]

1. e4 e5 2. Nf3 Nc6 3. Bb5 Nge7 4. O-O g6 5. c3 Bg7 6. d4 a6 7. Ba4 b5 8. Bc2
d6 9. h3 O-O 10. Bg5 f6 11. Bb3+ Kh8 12. Bh4 Bb7 13. Nbd2 Na5 14. Bc2 c5 15. d5
Bc8 16. b4 Nb7 17. a4 Bd7 18. axb5 axb5 19. bxc5 Nxc5 20. Nb3 Qb6 21. Kh1 Na4
22. Qd2 Rfc8 23. Nc1 Qc7 24. Ne2 Nb6 25. Bd3 Ra4 26. Qb2 Rca8 27. Nd2 g5 28.
Bg3 Bh6 29. Nb3 Nc4 30. Bxc4 Qxc4 31. f3 Nc8 32. Bf2 Ne7 33. Rfe1 f5 34. Rxa4
bxa4 35. Nd2 Qa6 36. Qa3 g4 37. Nf1 gxh3 38. gxh3 fxe4 39. fxe4 Bxh3 40. Nfg3
Rf8 41. Bg1 Rf1 42. Nxf1 Bxf1 43. Ng3 Bh3 44. c4 Bg5 45. Nh5 Bg4 46. Qg3 Qxc4
47. Qxg4 h6 48. Qd7 Ng6 49. Qg7# 1-0

[Event "Madrid-ch 2017-2018 - Previa A"]
[Site "Madrid ESP"]
[Date "2018.02.13"]
[Round "5.19"]
[White "Yeves Miquel, Enrique"]
[Black "Osuna Osuna, Francisco"]
[Result "1-0"]
[WhiteElo "1762"]
[BlackElo "1566"]
[PlyCount "65"]
[EventDate "2018.02.05"]
[EventType "swiss"]
[EventRounds "9"]
[EventCountry "ESP"]
[SourceTitle "Ajedrez en Madrid"]
[Source "lmi"]
[SourceDate "2018.02.05"]

1. c4 f5 2. d4 e6 3. g3 d5 4. Bg2 c6 5. Nf3 Nf6 6. O-O Bd6 7. Nc3 O-O 8. Qc2
Nbd7 9. cxd5 Nxd5 10. e4 Nxc3 11. bxc3 fxe4 12. Qxe4 Nf6 13. Qc2 Bd7 14. Ng5
Qe8 15. Qb3 Rb8 16. Bh3 Nd5 17. c4 h6 18. cxd5 hxg5 19. dxe6 Bxe6 20. Qxe6+
Qxe6 21. Bxe6+ Kh7 22. Bxg5 Rf3 23. Be3 Re8 24. Bg4 Rff8 25. Rab1 Rb8 26. Rfc1
Kh8 27. d5 cxd5 28. Bxa7 Ra8 29. Rxb7 Bb8 30. Bxb8 Rfxb8 31. Rxb8+ Rxb8 32.
Rc8+ Rxc8 33. Bxc8 1-0

[Event "Madrid-ch 2017-2018 - Previa A"]
[Site "Madrid ESP"]
[Date "2018.02.13"]
[Round "5.20"]
[White "Caamaño Jimenez, Luis"]
[Black "Gortazar Rubial, Javier Maria"]
[Result "1/2-1/2"]
[WhiteElo "1746"]
[BlackElo "1543"]
[PlyCount "43"]
[EventDate "2018.02.05"]
[EventType "swiss"]
[EventRounds "9"]
[EventCountry "ESP"]
[SourceTitle "Ajedrez en Madrid"]
[Source "lmi"]
[SourceDate "2018.02.05"]

1. Nf3 d5 2. d4 Nf6 3. c4 c6 4. Nc3 dxc4 5. a4 Bf5 6. e3 e6 7. Bxc4 Bb4 8. Bd2
O-O 9. O-O Nbd7 10. h3 h6 11. Ne2 Be7 12. Ng3 Bh7 13. Bc3 Nb6 14. Bd3 Bxd3 15.
Qxd3 Nbd5 16. Ne5 Nd7 17. f4 c5 18. Bd2 cxd4 19. exd4 Nxe5 20. fxe5 Rc8 21. Nh5
Bg5 22. Qg3 1/2-1/2

[Event "Madrid-ch 2017-2018 - Previa A"]
[Site "Madrid ESP"]
[Date "2018.02.13"]
[Round "5.21"]
[White "Dominguez Afonso, Ayraldo"]
[Black "Corredor Gonzalez, Angel L"]
[Result "0-1"]
[WhiteElo "1561"]
[BlackElo "1745"]
[PlyCount "54"]
[EventDate "2018.02.05"]
[EventType "swiss"]
[EventRounds "9"]
[EventCountry "ESP"]
[SourceTitle "Ajedrez en Madrid"]
[Source "lmi"]
[SourceDate "2018.02.05"]

1. e4 e5 2. Nf3 Nf6 3. Nxe5 d6 4. Nf3 Nxe4 5. Bc4 d5 6. Be2 Nc6 7. O-O Be7 8.
d4 O-O 9. Nc3 Re8 10. Ne5 Bf6 11. Nxc6 bxc6 12. Nxe4 dxe4 13. c3 Qd5 14. Be3
Bf5 15. Qd2 Red8 16. Bg5 Bxg5 17. Qxg5 Rd6 18. c4 Qe6 19. Rad1 h6 20. Qe3 Qg6
21. f3 Bh3 22. Rf2 exf3 23. Bxf3 Re6 24. Qc3 Rae8 25. d5 Re3 26. Qc2 Re1+ 27.
Rf1 Rxf1+ 0-1

[Event "Madrid-ch 2017-2018 - Previa A"]
[Site "Madrid ESP"]
[Date "2018.02.13"]
[Round "5.22"]
[White "Ramos Garcia, Raul"]
[Black "Salgado Duarte, Pablo"]
[Result "0-1"]
[WhiteElo "1700"]
[BlackElo "1530"]
[PlyCount "192"]
[EventDate "2018.02.05"]
[EventType "swiss"]
[EventRounds "9"]
[EventCountry "ESP"]
[SourceTitle "Ajedrez en Madrid"]
[Source "lmi"]
[SourceDate "2018.02.05"]

1. d4 d5 2. c4 e6 3. a3 Nf6 4. Nc3 Nc6 5. Nf3 h6 6. e3 a6 7. c5 Be7 8. Be2 O-O
9. b4 Bd7 10. O-O b6 11. Bd2 Nh7 12. e4 dxe4 13. Nxe4 Nf6 14. Nc3 Bc8 15. Be3
Bb7 16. Qc2 b5 17. Rfd1 Nd5 18. Nxd5 exd5 19. Bd3 Bf6 20. Rab1 Bc8 21. Bf5 Ne7
22. Bxc8 Qxc8 23. Ne5 Bxe5 24. dxe5 c6 25. Qe2 Re8 26. Qh5 Qf5 27. Qxf5 Nxf5
28. Rd3 Rxe5 29. Bf4 Re4 30. Bc7 Rae8 31. g3 Re1+ 32. Rxe1 Rxe1+ 33. Kg2 Ne7
34. Bd6 Ng6 35. h4 Ne5 36. Bxe5 Rxe5 37. Kf3 Re6 38. Re3 Kf8 39. Kf4 Rf6+ 40.
Ke5 Re6+ 41. Kd4 Ke7 42. Rf3 Re4+ 43. Kd3 g6 44. Re3 f5 45. f4 Kf6 46. Rf3 g5
47. hxg5+ hxg5 48. Rf1 gxf4 49. gxf4 Kg6 50. Rg1+ Kf6 51. Rf1 Ke6 52. Rf3 d4
53. Kd2 Kd5 54. Kd3 Re1 55. Kc2 Ke4 56. Rh3 Re3 57. Rh6 Rxa3 58. Rxc6 Kxf4 59.
Rd6 Ke5 60. Kb2 Ra4 61. Kb3 f4 62. Rd8 Ra1 63. Kb2 Rg1 64. c6 Rg7 65. Rd7 Rg8
66. c7 Rc8 67. Kc2 Ke4 68. Kd2 f3 69. Rf7 Kd5 70. Kd3 f2 71. Rxf2 Rxc7 72. Rf5+
Ke6 73. Rh5 Rc4 74. Rh6+ Kd5 75. Rh5+ Ke6 76. Rh6+ Kf5 77. Rxa6 Rxb4 78. Rd6
Ke5 79. Rd8 Rb3+ 80. Kc2 Rc3+ 81. Kd2 b4 82. Re8+ Kd5 83. Rd8+ Kc4 84. Rc8+ Kb3
85. Rd8 d3 86. Rd4 Ka3 87. Rd6 Kb2 88. Rb6 b3 89. Ra6 Rc2+ 90. Kxd3 Kb1 91. Rb6
b2 92. Rf6 Rg2 93. Kc3 Rg3+ 94. Kd2 Ra3 95. Rf1+ Ka2 96. Kc2 Rh3 0-1

[Event "Madrid-ch 2017-2018 - Previa A"]
[Site "Madrid ESP"]
[Date "2018.02.13"]
[Round "5.23"]
[White "De Dompablo Fantova, Juan"]
[Black "Gonzalez Pinar, Adrian"]
[Result "1-0"]
[WhiteElo "1688"]
[BlackElo "1487"]
[PlyCount "80"]
[EventDate "2018.02.05"]
[EventType "swiss"]
[EventRounds "9"]
[EventCountry "ESP"]
[SourceTitle "Ajedrez en Madrid"]
[Source "lmi"]
[SourceDate "2018.02.05"]

1. e4 e6 2. d3 d5 3. Nd2 c5 4. Ngf3 Nc6 5. g3 Nge7 6. Bg2 g6 7. O-O Bg7 8. Re1
O-O 9. Qe2 Re8 10. Nf1 a5 11. a4 b6 12. c3 Ba6 13. e5 b5 14. axb5 Bxb5 15. Bf4
Qb6 16. h4 Qa6 17. Red1 a4 18. h5 Na5 19. N1h2 Reb8 20. Ng4 Ra7 21. Nf6+ Kh8
22. Ng5 Ng8 23. Ngxh7 Nb3 24. Ra2 Bxf6 25. exf6 Re8 26. hxg6 fxg6 27. Ng5 Nxf6
28. Be5 Kg7 29. Qf3 Rf8 30. Bh3 Bd7 31. Qf4 Raa8 32. Qh4 Kg8 33. Bxf6 Rxf6 34.
Qh7+ Kf8 35. Qh8+ Ke7 36. Qg7+ Kd6 37. Qxf6 Na5 38. Bxe6 Kc7 39. Qe5+ Kc8 40.
Bxd7+ Kxd7 1-0

[Event "Madrid-ch 2017-2018 - Previa A"]
[Site "Madrid ESP"]
[Date "2018.02.13"]
[Round "5.24"]
[White "Alises Fontecha, Juan"]
[Black "Osorio Ramos, Francisco"]
[Result "0-1"]
[WhiteElo "1515"]
[BlackElo "1821"]
[PlyCount "86"]
[EventDate "2018.02.05"]
[EventType "swiss"]
[EventRounds "9"]
[EventCountry "ESP"]
[SourceTitle "Ajedrez en Madrid"]
[Source "lmi"]
[SourceDate "2018.02.05"]

1. e4 c5 2. Nc3 a6 3. g3 Nc6 4. Bg2 g6 5. d3 Bg7 6. Be3 d6 7. Qd2 Rb8 8. f4 b5
9. Rb1 Nd4 10. Nf3 e6 11. O-O Ne7 12. Ne2 Nxe2+ 13. Qxe2 Bb7 14. Bh3 O-O 15.
Nh4 f5 16. Bg2 Rc8 17. Bd2 Qd7 18. Bc3 Bxc3 19. bxc3 Rfe8 20. Nf3 h6 21. Nd2 d5
22. e5 Rc7 23. Nb3 Rec8 24. Na5 Nc6 25. Nxb7 Rxb7 26. Rfd1 Rcb8 27. Qf2 Qe7 28.
Rb2 Rc7 29. Rdb1 Rd8 30. c4 b4 31. cxd5 exd5 32. Qd2 Nd4 33. c3 bxc3 34. Qxc3
Nb5 35. Qb3 c4 36. dxc4 Qc5+ 37. Kf1 dxc4 38. Qb4 Qxb4 39. Rxb4 c3 40. a4 c2
41. Kf2 Rd1 42. axb5 cxb1=Q 43. Rxb1 Rxb1 0-1

[Event "Madrid-ch 2017-2018 - Previa A"]
[Site "Madrid ESP"]
[Date "2018.02.13"]
[Round "5.25"]
[White "Valencia de Loma, Sergio"]
[Black "Martinez Martinez, Javier II"]
[Result "1-0"]
[WhiteElo "1775"]
[BlackElo "1601"]
[PlyCount "107"]
[EventDate "2018.02.05"]
[EventType "swiss"]
[EventRounds "9"]
[EventCountry "ESP"]
[SourceTitle "Ajedrez en Madrid"]
[Source "lmi"]
[SourceDate "2018.02.05"]

1. d4 d5 2. Bg5 Bf5 3. Nf3 Nd7 4. e3 Ngf6 5. c4 c6 6. Be2 Qa5+ 7. Qd2 Qxd2+ 8.
Nbxd2 e6 9. Bxf6 Nxf6 10. Nh4 g6 11. Nxf5 exf5 12. c5 Bg7 13. O-O a5 14. a3 Ke7
15. b4 axb4 16. axb4 Ne4 17. Nxe4 fxe4 18. Rfb1 f5 19. b5 Rxa1 20. Rxa1 cxb5
21. Bxb5 Rb8 22. Rb1 Rc8 23. Ba4 Rc7 24. Rb6 f4 25. Bb3 Rd7 26. Ba4 Rc7 27. Rd6
b5 28. Bxb5 Rb7 29. Rb6 Rxb6 30. cxb6 Kd6 31. b7 Kc7 32. Bc6 fxe3 33. fxe3 Bf8
34. Bxd5 Bd6 35. Bxe4 Kd7 36. h4 Ke6 37. h5 gxh5 38. Bxh7 h4 39. Kf2 Kd7 40. e4
Bg3+ 41. Kf3 Kc7 42. e5 Kxb7 43. Kg4 Kc7 44. Kf5 Kd7 45. Kf6 Kd8 46. d5 Bf2 47.
d6 h3 48. gxh3 Bh4+ 49. Kf7 Bg3 50. e6 Bxd6 51. h4 Be7 52. h5 Bg5 53. Bf5 Be7
54. h6 1-0

[Event "Madrid-ch 2017-2018 - Previa A"]
[Site "Madrid ESP"]
[Date "2018.02.13"]
[Round "5.27"]
[White "Martin Garcia, Francisco Javier"]
[Black "Gonzalez Recas, Fernando"]
[Result "1-0"]
[WhiteElo "1461"]
[BlackElo "1643"]
[PlyCount "65"]
[EventDate "2018.02.05"]
[EventType "swiss"]
[EventRounds "9"]
[EventCountry "ESP"]
[SourceTitle "Ajedrez en Madrid"]
[Source "lmi"]
[SourceDate "2018.02.05"]

1. d4 Nf6 2. Nf3 e6 3. g3 d5 4. c4 Bb4+ 5. Bd2 Qe7 6. Bg2 O-O 7. a3 Bxd2+ 8.
Nbxd2 Nbd7 9. O-O e5 10. dxe5 Nxe5 11. cxd5 Nxd5 12. Nxe5 Qxe5 13. Nc4 Qf6 14.
Qxd5 Be6 15. Qd3 Rfd8 16. Qc2 Rd4 17. b3 Rad8 18. Rad1 b5 19. Rxd4 Qxd4 20. Ne3
Qb6 21. Rd1 Rf8 22. b4 g6 23. Rc1 Qd4 24. Rd1 Qe5 25. Rc1 Qd4 26. Qc3 Qd7 27.
Bc6 Qd6 28. Rd1 Qe7 29. Nd5 Bxd5 30. Bxd5 Qxe2 31. Re1 Qh5 32. Bg2 Qg5 33. Qxc7
1-0

[Event "Madrid-ch 2017-2018 - Previa A"]
[Site "Madrid ESP"]
[Date "2018.02.13"]
[Round "5.28"]
[White "Martinez Miura, Enrique"]
[Black "Moreno Uribarri, Miguel"]
[Result "1-0"]
[WhiteElo "1618"]
[BlackElo "1626"]
[PlyCount "61"]
[EventDate "2018.02.05"]
[EventType "swiss"]
[EventRounds "9"]
[EventCountry "ESP"]
[SourceTitle "Ajedrez en Madrid"]
[Source "lmi"]
[SourceDate "2018.02.05"]

1. e4 c5 2. Nc3 Nc6 3. Nf3 d6 4. d4 cxd4 5. Nxd4 g6 6. Be2 Bg7 7. Be3 Nf6 8.
O-O O-O 9. h3 Bd7 10. Qd2 a6 11. f4 b5 12. a3 Rc8 13. Bf3 Qc7 14. Kh1 Na5 15.
Be2 Nc4 16. Bxc4 Qxc4 17. Qf2 e5 18. fxe5 dxe5 19. Nf3 Nxe4 20. Nxe4 Qxe4 21.
c3 h6 22. Rad1 Qc6 23. Bxh6 Qc7 24. Bxg7 Kxg7 25. Nxe5 Bxh3 26. Qf6+ Kg8 27.
gxh3 Rce8 28. Rd6 Qb7+ 29. Kh2 Qe4 30. Nxf7 Qe2+ 31. Rf2 1-0